000 cam a22 a 4500
999 _c3664
_d3664
003 AKMAL
005 20170523145159.0
008 170523s1992 g 000 0 eng d
020 _a0714114537 (pbk):
_cGBP 14.95
039 9 _a201409182344
_bsham_oclc
040 _aAKMAL
_cAKMAL
082 0 4 _a700.90931 BRI
_222
090 0 0 _a700.90931
_bBRI
245 0 4 _aThe British Museum book of chinese art /
_cJessica Rawson...[et al.]
260 _aLondon :
_bBritish Museum,
_c1992
300 _a395p. :
_bcol. ill. ;
_c24cm
504 _aIncludes bibliographical references and index
650 1 0 _aArt, Chinese
_97246
942 _2ddc
_cBOOK